[Event "Leon 38th"]
[Site "Leon"]
[Date "2025.07.06"]
[Round "2.4"]
[White "Le, Quang Liem"]
[Black "Anand, Viswanathan"]
[Result "1/2-1/2"]
[WhiteElo "2729"]
[BlackElo "2743"]
[PlyCount "44"]
[EventDate "2025.07.04"]
[EventType "k.o. (blitz)"]
[EventRounds "2"]
[EventCountry "ESP"]
[SourceTitle "CB28_2025"]
[SourceDate "2025.07.09"]
[SourceVersion "1"]
[SourceVersionDate "2025.07.09"]
[SourceQuality "1"]

1. d4 d5 2. c4 c6 3. cxd5 cxd5 4. Nc3 Nf6 5. Bf4 Nc6 6. e3 a6 7. Rc1 Bf5 8. Bd3 Bxd3 9. Qxd3 e6 10. h3 Qb6 11. Rb1 Be7 12. Nf3 0-0 13. 0-0 Rfc8 14. Rfc1 Qd8 15. Ne5 Nxe5 16. Bxe5 Rc6 17. Ne2 Rac8 18. Rxc6 Rxc6 19. Rc1 Qc8 20. Rxc6 Qxc6 21. Bxf6 Bxf6 22. Qc3 Qxc3 1/2-1/2

[Event "Leon 38th"]
[Site "Leon"]
[Date "2025.07.05"]
[Round "1.3"]
[White "Santos Latasa, Jaime"]
[Black "Le, Quang Liem"]
[Result "1/2-1/2"]
[WhiteElo "2623"]
[BlackElo "2729"]
[PlyCount "63"]
[EventDate "2025.07.04"]
[EventType "k.o. (blitz)"]
[EventRounds "2"]
[EventCountry "ESP"]
[SourceTitle "CB28_2025"]
[SourceDate "2025.07.09"]
[SourceVersion "1"]
[SourceVersionDate "2025.07.09"]
[SourceQuality "1"]

1. e4 e5 2. Nf3 Nc6 3. Bc4 Bc5 4. 0-0 Nf6 5. d3 d6 6. c3 a5 7. Re1 Ba7 8. Nbd2 0-0 9. h3 Be6 10. Bb5 Ne7 11. d4 Ng6 12. Bd3 Nh5 13. Nf1 Nhf4 14. Bc2 c6 15. Ng3 Qd7 16. Nf5 f6 17. N5h4 Rad8 18. Nxg6 Nxg6 19. Be3 Qc7 20. Qe2 Rfe8 21. a4 Bf7 22. Rad1 d5 23. dxe5 Bxe3 24. Qxe3 Nxe5 25. Nxe5 Rxe5 26. Qc1 Bh5 27. g4 Bf7 28. exd5 Rdxd5 29. Bb3 Rxd1 30. Qxd1 Rxe1+ 31. Qxe1 Qd7 32. Bxf7+ 1/2-1/2

[Event "WchT Blitz 5-8th"]
[Site "London"]
[Date "2025.06.15"]
[Round "2.2"]
[White "Le, Quang Liem"]
[Black "Harikrishna, Pentala"]
[Result "0-1"]
[WhiteElo "2729"]
[BlackElo "2707"]
[PlyCount "62"]
[EventDate "2025.06.15"]
[EventType "team-k.o. (blitz)"]
[EventRounds "2"]
[EventCountry "ENG"]
[SourceTitle "CB25_2025"]
[SourceDate "2025.06.18"]
[SourceVersion "1"]
[SourceVersionDate "2025.06.18"]
[SourceQuality "1"]
[WhiteTeam "Freedom"]
[BlackTeam "Team MGD1"]
[WhiteTeamCountry "IND"]
[BlackTeamCountry "IND"]

1. d4 Nf6 2. c4 e6 3. Nf3 d5 4. Nc3 Bb4 5. Bg5 h6 6. Bxf6 Qxf6 7. Qa4+ Nc6 8. e3 0-0 9. Qb3 Rd8 10. a3 dxc4 11. Bxc4 Bd6 12. Qc2 e5 13. Nd5 Qf5 14. Qxf5 Bxf5 15. dxe5 Bxe5 16. Ne7+ Nxe7 17. Nxe5 Nd5 18. 0-0-0 Be6 19. g3 Rd6 20. e4 Nf6 21. Bd3 Ng4 22. Nxg4 Bxg4 23. Rd2 Rad8 24. Kc2 c5 25. b3 b5 26. Kc3 Rd4 27. e5 Kf8 28. h3 Bf3 29. Re1 c4 30. bxc4 bxc4 31. Be4 Rxd2 0-1

[Event "WchT Blitz Pool B"]
[Site "London"]
[Date "2025.06.14"]
[Round "4.2"]
[White "Dishman, Stephen"]
[Black "Le, Quang Liem"]
[Result "0-1"]
[WhiteElo "2274"]
[BlackElo "2729"]
[PlyCount "53"]
[EventDate "2025.06.14"]
[EventType "team-tourn"]
[EventRounds "13"]
[EventCountry "ENG"]
[SourceTitle "CB25_2025"]
[SourceDate "2025.06.18"]
[SourceVersion "1"]
[SourceVersionDate "2025.06.18"]
[SourceQuality "1"]
[WhiteTeam "Sassy Seniors"]
[BlackTeam "Freedom"]
[WhiteTeamCountry "ENG"]
[BlackTeamCountry "IND"]

1. d4 Nf6 2. Bg5 d5 3. Nd2 c5 4. Bxf6 gxf6 5. dxc5 e6 6. e4 Bxc5 7. Nb3 Qb6 8. Nxc5 Qxc5 9. exd5 Qb4+ 10. Qd2 Qxb2 11. Rd1 0-0 12. Bd3 Qe5+ 13. Ne2 Qg5 14. f4 Qxd5 15. 0-0 Qc5+ 16. Kh1 Nc6 17. f5 Ne5 18. Rf4 exf5 19. Rh4 Ng4 20. h3 Qf2 21. Rxg4+ fxg4 22. Qh6 Bf5 23. Qxf6 Rad8 24. hxg4 Rxd3 25. cxd3 Qxe2 26. Qxf5 Qxd1+ 27. Kh2 0-1

[Event "WchT Blitz Pool B"]
[Site "London"]
[Date "2025.06.14"]
[Round "12.2"]
[White "Rendle, Thomas E"]
[Black "Le, Quang Liem"]
[Result "0-1"]
[WhiteElo "2370"]
[BlackElo "2729"]
[PlyCount "54"]
[EventDate "2025.06.14"]
[EventType "team-tourn"]
[EventRounds "13"]
[EventCountry "ENG"]
[SourceTitle "CB25_2025"]
[SourceDate "2025.06.18"]
[SourceVersion "1"]
[SourceVersionDate "2025.06.18"]
[SourceQuality "1"]
[WhiteTeam "Sharks 4NCL"]
[BlackTeam "Freedom"]
[WhiteTeamCountry "ENG"]
[BlackTeamCountry "IND"]

1. d4 Nf6 2. c4 e6 3. g3 d5 4. Bg2 Bb4+ 5. Nd2 0-0 6. Ngf3 b6 7. 0-0 Bb7 8. a3 Be7 9. cxd5 exd5 10. b4 c6 11. Bb2 a5 12. Qb3 Nbd7 13. Ne5 Re8 14. Rfc1 Nxe5 15. dxe5 Nd7 16. e4 Bf8 17. exd5 cxd5 18. Nf3 axb4 19. axb4 Rxa1 20. Rxa1 d4 21. Bxd4 Bxf3 22. Bxf3 Nxe5 23. Bd5 Qc7 24. Kg2 Rd8 25. Bxe5 Qxe5 26. Bxf7+ Kh8 27. Qe6 Qxa1 0-1

[Event "WchT Blitz Pool B"]
[Site "London"]
[Date "2025.06.14"]
[Round "1.2"]
[White "Zhu, Pengxiao"]
[Black "Le, Quang Liem"]
[Result "0-1"]
[WhiteElo "1938"]
[BlackElo "2729"]
[PlyCount "68"]
[EventDate "2025.06.14"]
[EventType "team-tourn"]
[EventRounds "13"]
[EventCountry "ENG"]
[SourceTitle "CB25_2025"]
[SourceDate "2025.06.18"]
[SourceVersion "1"]
[SourceVersionDate "2025.06.18"]
[SourceQuality "1"]
[WhiteTeam "UK Challenge Masters"]
[BlackTeam "Freedom"]
[WhiteTeamCountry "ENG"]
[BlackTeamCountry "IND"]

1. d4 Nf6 2. c4 e6 3. Nc3 Bb4 4. Qc2 d5 5. cxd5 exd5 6. Bg5 h6 7. Bh4 Nc6 8. e3 g5 9. Bg3 h5 10. Bb5 h4 11. Be5 0-0 12. Bxc6 bxc6 13. h3 Rb8 14. Nge2 Re8 15. 0-0 Bd6 16. Bxd6 cxd6 17. b3 Nh5 18. Na4 Bd7 19. Rac1 Qf6 20. Qd3 Qg7 21. Nac3 g4 22. hxg4 Qxg4 23. f3 Qg5 24. e4 Kh8 25. f4 dxe4 26. Nxe4 Qg6 27. N2c3 Bf5 28. Rce1 d5 29. Qf3 dxe4 30. Qf2 Ng3 31. d5 h3 32. Qd4+ Kh7 33. Rf2 h2+ 34. Kxh2 Qh5+ 0-1

[Event "WchT Rapid"]
[Site "London"]
[Date "2025.06.12"]
[Round "6.3"]
[White "Le, Quang Liem"]
[Black "Svane, Frederik"]
[Result "1-0"]
[WhiteElo "2645"]
[BlackElo "2476"]
[PlyCount "169"]
[EventDate "2025.06.11"]
[EventType "team-swiss"]
[EventRounds "12"]
[EventCountry "ENG"]
[SourceTitle "CB25_2025"]
[SourceDate "2025.06.18"]
[SourceVersion "1"]
[SourceVersionDate "2025.06.18"]
[SourceQuality "1"]
[WhiteTeam "Freedom"]
[BlackTeam "Germany and Friends"]
[WhiteTeamCountry "IND"]
[BlackTeamCountry "GER"]

1. d4 e6 2. c4 Nf6 3. Nf3 d5 4. Nc3 Bb4 5. Bg5 h6 6. Bxf6 Qxf6 7. Qa4+ Nc6 8. e3 0-0 9. Rc1 Rd8 10. Qb3 a5 11. a3 a4 12. Qc2 Ba5 13. cxd5 exd5 14. Bd3 Bg4 15. Nd2 Ne7 16. 0-0 c6 17. h3 Bf5 18. Rfd1 Bxd3 19. Qxd3 Qf5 20. Qe2 Bb6 21. Nf3 Re8 22. Rd3 Bc7 23. Rb1 Nc8 24. b3 axb3 25. Rxb3 b5 26. Qc2 Nd6 27. Ne5 Nc4 28. Nxc6 Rxa3 29. Nxb5 Nxe3 30. fxe3 Rxe3 31. Nxc7 Rxb3 32. Qxb3 Qxd3 33. Qxd3 Rxd3 34. Nxd5 Rd2 35. Ne3 g6 36. d5 Kf8 37. Ne5 Re2 38. N3c4 Rc2 39. d6 f6 40. Nxg6+ Kf7 41. d7 Rc1+ 42. Kh2 Rd1 43. Nh4 Rxd7 44. Ne3 h5 45. Kg3 Rd3 46. Kf3 Rd4 47. g3 Ra4 48. Nhg2 Rb4 49. Nf4 Rb5 50. Nfd5 Ra5 51. Nc3 Ra3 52. Ne4 Kg6 53. Nd6 Ra5 54. Ng2 Ra3+ 55. Kf4 Ra4+ 56. Ne4 Ra1 57. Nh4+ Kf7 58. Nf3 Ra4 59. Ne1 Ra1 60. Nd3 Rf1+ 61. Ke3 Rh1 62. Nf4 h4 63. Nd6+ Kg8 64. g4 Ra1 65. Nf5 Ra3+ 66. Nd3 Ra7 67. Nf2 Ra3+ 68. Kf4 Ra4+ 69. Ne4 Ra3 70. Nxf6+ Kh8 71. Ne3 Ra1 72. Kg5 Kg7 73. Nh5+ Kf7 74. Nf5 Ra3 75. Kxh4 Ke6 76. Kg5 Ra8 77. Kg6 Ra4 78. g5 Ke5 79. h4 Ra5 80. Nhg3 Kf4 81. Kh6 Ke5 82. g6 Ra6 83. Kh7 Ra7+ 84. g7 Kf6 85. Kh8 1-0

[Event "Titled Tuesday intern op 20th May Late"]
[Site "Chess.com INT"]
[Date "2025.05.20"]
[Round "4"]
[White "Le, Quang Liem"]
[Black "Petriashvili, Nikoloz"]
[Result "1-0"]
[WhiteElo "2729"]
[BlackElo "2468"]
[PlyCount "37"]
[EventDate "2025.05.20"]
[EventType "swiss (blitz)"]
[EventRounds "11"]
[EventCountry "USA"]
[SourceTitle "CB22_2025"]
[SourceDate "2025.05.28"]
[SourceVersion "1"]
[SourceVersionDate "2025.05.28"]
[SourceQuality "1"]

1. Nf3 Na6 2. e4 c6 3. d4 d5 4. exd5 Qxd5 5. Nc3 Qd6 6. Ne4 Qd8 7. Bc4 Nf6 8. Neg5 Nd5 9. Ne5 f6 10. Ngf7 Qb6 11. Nxh8 fxe5 12. Bxd5 cxd5 13. Qh5+ g6 14. Qxh7 Qxd4 15. Qxg6+ Kd7 16. Qf5+ Kc6 17. Qxf8 Nb4 18. 0-0 Bh3 19. Qh6+ 1-0

[Event "Titled Tuesday intern op 20th May Late"]
[Site "Chess.com INT"]
[Date "2025.05.20"]
[Round "8"]
[White "Le, Quang Liem"]
[Black "Vykouk, Jan"]
[Result "1-0"]
[WhiteElo "2729"]
[BlackElo "2496"]
[PlyCount "41"]
[EventDate "2025.05.20"]
[EventType "swiss (blitz)"]
[EventRounds "11"]
[EventCountry "USA"]
[SourceTitle "CB22_2025"]
[SourceDate "2025.05.28"]
[SourceVersion "1"]
[SourceVersionDate "2025.05.28"]
[SourceQuality "1"]

1. Nf3 Nf6 2. c4 e6 3. Nc3 d5 4. e3 b6 5. b3 Bb7 6. Bb2 Bd6 7. Rc1 a6 8. cxd5 exd5 9. Ne2 c5 10. Ng3 0-0 11. Be2 Re8 12. 0-0 Nc6 13. d4 Ne4 14. dxc5 bxc5 15. Nxe4 dxe4 16. Nd2 Ne5 17. Nc4 Nf3+ 18. Kh1 Qh4 19. Qxd6 Re6 20. Qg3 Qh5 21. Qxg7# 1-0

[Event "Chess.com Classic Play In"]
[Site "Chess.com INT"]
[Date "2025.05.19"]
[Round "9"]
[White "Le, Quang Liem"]
[Black "Dominguez Perez, Leinier"]
[Result "1-0"]
[WhiteElo "2729"]
[BlackElo "2738"]
[PlyCount "85"]
[EventDate "2025.05.19"]
[EventType "swiss (blitz)"]
[EventRounds "9"]
[EventCountry "USA"]
[SourceTitle "CB21_2025"]
[SourceDate "2025.05.21"]
[SourceVersion "1"]
[SourceVersionDate "2025.05.21"]
[SourceQuality "1"]

1. c4 c5 2. g3 g6 3. Bg2 Bg7 4. Nc3 Nc6 5. d3 Nf6 6. Qd2 0-0 7. b3 d6 8. Bb2 Bd7 9. h4 h5 10. Nf3 a6 11. Ng5 Rb8 12. 0-0 b5 13. Rad1 Ne5 14. Ba1 Re8 15. Nd5 Bg4 16. Bxe5 dxe5 17. Qe3 Nd7 18. f3 Be6 19. Nxe6 fxe6 20. Nc3 e4 21. Qc1 e3 22. Bh3 Qb6 23. Ne4 Bd4 24. Ng5 Nf8 25. f4 Rbd8 26. Kh2 Rd6 27. Rf3 Nh7 28. Ne4 Rc6 29. g4 hxg4 30. Bxg4 Nf6 31. Rg1 Nxe4 32. dxe4 Kf7 33. e5 Rh8 34. Rh3 Rcc8 35. Bf3 Rh6 36. h5 Rch8 37. Rxg6 Qd8 38. Qg1 Qf8 39. Qg4 Ke8 40. Qxe6 Qxf4+ 41. Kg2 Kd8 42. Qb6+ Ke8 43. Qb8+ 1-0

[Event "Chess.com Classic Play In"]
[Site "Chess.com INT"]
[Date "2025.05.19"]
[Round "4"]
[White "Le, Quang Liem"]
[Black "Moussard, Jules"]
[Result "1/2-1/2"]
[WhiteElo "2729"]
[BlackElo "2597"]
[PlyCount "179"]
[EventDate "2025.05.19"]
[EventType "swiss (blitz)"]
[EventRounds "9"]
[EventCountry "USA"]
[SourceTitle "CB21_2025"]
[SourceDate "2025.05.21"]
[SourceVersion "1"]
[SourceVersionDate "2025.05.21"]
[SourceQuality "1"]

1. Nf3 d5 2. e3 Nf6 3. c4 e6 4. Nc3 Bd6 5. b3 0-0 6. Bb2 Re8 7. Nb5 Be7 8. Be5 Na6 9. Be2 Ne4 10. Qc2 c6 11. Nc3 Nac5 12. h3 a5 13. 0-0 Bf8 14. Rfd1 b6 15. cxd5 exd5 16. d4 Nxc3 17. Qxc3 Ne4 18. Qxc6 Bd7 19. Qxd5 Nc3 20. Qc4 Rc8 21. Qd3 Bb5 22. Qxb5 Nxb5 23. Bxb5 Re6 24. d5 Rg6 25. e4 Bc5 26. Rd2 Qe7 27. Rad1 Rd8 28. Bd3 a4 29. bxa4 Qd7 30. Kh2 Qxa4 31. Bg3 Rf6 32. e5 Rxf3 33. gxf3 Rxd5 34. Bc2 Qxc2 35. Rxc2 Rxd1 36. f4 g6 37. Kg2 Rd3 38. Bh4 Kf8 39. a4 Ra3 40. Rd2 Be7 41. Bxe7+ Kxe7 42. Rd4 f6 43. Rb4 fxe5 44. fxe5 Ke6 45. Rxb6+ Kxe5 46. Ra6 Kf5 47. a5 Kg5 48. Ra8 h5 49. a6 Kh4 50. a7 g5 51. Rb8 Rxa7 52. Rb4+ g4 53. hxg4 hxg4 54. Rb8 Ra4 55. Rg8 Ra5 56. Rh8+ Rh5 57. Rf8 Rg5 58. Rf7 Rh5 59. Rg7 Re5 60. Ra7 Rf5 61. Ra1 Re5 62. Rh1+ Kg5 63. Kg3 Rf5 64. Rd1 Rf3+ 65. Kg2 Rf5 66. Rd4 Rf6 67. Rd3 Rf5 68. Kg3 Rf3+ 69. Rxf3 gxf3 70. Kxf3 Kf5 71. Ke3 Ke5 72. Kf3 Kf5 73. Kg3 Kg5 74. f3 Kf5 75. Kf2 Kf4 76. Ke2 Kf5 77. Ke3 Ke5 78. Kf2 Kf4 79. Kg2 Kf5 80. Kg3 Kg5 81. f4+ Kf5 82. Kf3 Kf6 83. Ke4 Ke6 84. Ke3 Kf5 85. Kf3 Kf6 86. Kg4 Kg6 87. Kh4 Kf5 88. Kg3 Kf6 89. Kf2 Kf5 90. Kf3 1/2-1/2

[Event "Chess.com Classic Play In"]
[Site "Chess.com INT"]
[Date "2025.05.19"]
[Round "8"]
[White "Murzin, Volodar"]
[Black "Le, Quang Liem"]
[Result "1-0"]
[WhiteElo "2658"]
[BlackElo "2729"]
[PlyCount "165"]
[EventDate "2025.05.19"]
[EventType "swiss (blitz)"]
[EventRounds "9"]
[EventCountry "USA"]
[SourceTitle "CB21_2025"]
[SourceDate "2025.05.21"]
[SourceVersion "1"]
[SourceVersionDate "2025.05.21"]
[SourceQuality "1"]

1. e4 e5 2. Nf3 Nc6 3. Bc4 Bc5 4. 0-0 Nf6 5. d3 d6 6. c3 a5 7. h3 Ba7 8. Re1 h6 9. Nbd2 g5 10. Nf1 g4 11. hxg4 Nxg4 12. d4 Qf6 13. Be3 Rg8 14. Bb5 Bd7 15. dxe5 Ngxe5 16. Nxe5 Nxe5 17. Bxd7+ Kxd7 18. Ng3 Bxe3 19. Rxe3 Rg4 20. Nf5 Rag8 21. Rg3 h5 22. Qe2 Kc8 23. Qe3 b6 24. Rxg4 hxg4 25. Rd1 Kb7 26. Qh6 Qd8 27. Qf4 Rh8 28. b3 Qg8 29. c4 a4 30. c5 bxc5 31. bxa4 Qh7 32. Rb1+ Kc6 33. Ng3 Qh6 34. Qxh6 Rxh6 35. Nf5 Rh8 36. Ne7+ Kd7 37. Nd5 Nc4 38. Rb7 Rc8 39. Ra7 Kd8 40. a5 c6 41. Nc3 Rc7 42. Ra8+ Rc8 43. Ra7 Rc7 44. Ra8+ Ke7 45. a6 Nb6 46. Rb8 Nd7 47. Ra8 Nb6 48. Rb8 Nc4 49. Rb7 Kd7 50. a7 Nb6 51. Rxb6 Rxa7 52. Rb2 c4 53. Kh2 Ra3 54. Rc2 Ke6 55. Kg3 d5 56. exd5+ cxd5 57. Kxg4 Ke5 58. f4+ Ke6 59. Re2+ Kd7 60. Nxd5 Kd6 61. Ne3 Kc5 62. Kf5 Ra6 63. g4 Kd4 64. Nxc4 Kxc4 65. g5 Kd3 66. Re7 Ra5+ 67. Kf6 Rxa2 68. Rxf7 Ke4 69. f5 Ra6+ 70. Kg7 Kf4 71. g6 Kg5 72. Kh7 Rb6 73. g7 Rh6+ 74. Kg8 Ra6 75. Rd7 Kh6 76. Kf7 Kg5 77. g8Q+ Kxf5 78. Rd5+ Ke4 79. Qg2+ Ke3 80. Re5+ Kf4 81. Qe4+ Kg3 82. Rg5+ Kh3 83. Qh1# 1-0

[Event "Chess.com Classic Play In"]
[Site "Chess.com INT"]
[Date "2025.05.19"]
[Round "5"]
[White "Van Wely, Loek"]
[Black "Le, Quang Liem"]
[Result "0-1"]
[WhiteElo "2609"]
[BlackElo "2729"]
[PlyCount "82"]
[EventDate "2025.05.19"]
[EventType "swiss (blitz)"]
[EventRounds "9"]
[EventCountry "USA"]
[SourceTitle "CB21_2025"]
[SourceDate "2025.05.21"]
[SourceVersion "1"]
[SourceVersionDate "2025.05.21"]
[SourceQuality "1"]

1. d4 Nf6 2. c4 e6 3. Nf3 d5 4. Nc3 Nbd7 5. cxd5 exd5 6. Bg5 h6 7. Bh4 c6 8. e3 Be7 9. Qc2 0-0 10. Bd3 Re8 11. 0-0 Ne4 12. Bg3 Nxg3 13. hxg3 Bd6 14. Rab1 a5 15. a3 Nf6 16. b4 Qe7 17. bxa5 Bxa3 18. a6 b5 19. Ne5 Rxa6 20. e4 Be6 21. Rfe1 Rc8 22. exd5 cxd5 23. Bxb5 Rb6 24. Qb3 Bd6 25. Na4 Rbb8 26. Qd3 Qc7 27. Ba6 Rxb1 28. Rxb1 Ra8 29. Nf3 Ne4 30. Bb5 Bf5 31. Qb3 Nxf2 32. Kxf2 Bxg3+ 33. Ke2 Bxb1 34. Qxb1 Rxa4 35. Bxa4 Qc4+ 36. Ke3 Qxa4 37. Qf5 Qb3+ 38. Ke2 g6 39. Qf6 Qc2+ 40. Ke3 Bf2+ 41. Kf4 Qe4# 0-1

[Event "Titled Tuesday intern op 06th May Early"]
[Site "Chess.com INT"]
[Date "2025.05.06"]
[Round "1"]
[White "Deveci, Huseyin Said"]
[Black "Le, Quang Liem"]
[Result "0-1"]
[WhiteElo "2212"]
[BlackElo "2729"]
[PlyCount "88"]
[EventDate "2025.05.06"]
[EventType "swiss (blitz)"]
[EventRounds "11"]
[EventCountry "USA"]
[SourceTitle "CB20_2025"]
[SourceDate "2025.05.14"]
[SourceVersion "1"]
[SourceVersionDate "2025.05.14"]
[SourceQuality "1"]

1. e4 e5 2. Nf3 Nc6 3. Bc4 Nf6 4. d3 Bc5 5. c3 0-0 6. 0-0 d6 7. Nbd2 a5 8. h3 Be6 9. Bb5 Ba7 10. Re1 Ne7 11. d4 Ng6 12. Nf1 c6 13. Bd3 exd4 14. cxd4 d5 15. e5 Ne4 16. Ng3 Nxg3 17. fxg3 f6 18. exf6 Qxf6 19. Bg5 Qf7 20. Rf1 Bf5 21. Nh4 Nxh4 22. gxh4 Qg6 23. Rxf5 Rxf5 24. g4 Qd6 25. Bxf5 Qg3+ 26. Kh1 Qxh3+ 27. Kg1 h6 28. Bf4 Re8 29. Qd3 Qxh4 30. Rf1 Kh8 31. Kg2 Qe7 32. g5 Qe2+ 33. Qxe2 Rxe2+ 34. Rf2 Rxf2+ 35. Kxf2 Bxd4+ 36. Kf3 hxg5 37. Bxg5 Bxb2 38. Bc8 b5 39. Bb7 b4 40. Bxc6 d4 41. Bd8 Bc3 42. Bxa5 b3 43. Bxc3 dxc3 44. axb3 c2 0-1

[Event "Titled Tuesday intern op 06th May Early"]
[Site "Chess.com INT"]
[Date "2025.05.06"]
[Round "5"]
[White "Gorovets, Andrey"]
[Black "Le, Quang Liem"]
[Result "0-1"]
[WhiteElo "2461"]
[BlackElo "2729"]
[PlyCount "100"]
[EventDate "2025.05.06"]
[EventType "swiss (blitz)"]
[EventRounds "11"]
[EventCountry "USA"]
[SourceTitle "CB20_2025"]
[SourceDate "2025.05.14"]
[SourceVersion "1"]
[SourceVersionDate "2025.05.14"]
[SourceQuality "1"]

1. d4 Nf6 2. c4 g6 3. Nf3 Bg7 4. g3 d5 5. cxd5 Nxd5 6. Bg2 Nb6 7. Nc3 Nc6 8. e3 0-0 9. 0-0 Re8 10. Nh4 a5 11. f4 a4 12. h3 Bd7 13. Kh2 Qc8 14. Qe2 Na5 15. Bd2 Nac4 16. Be1 c5 17. d5 e6 18. dxe6 Rxe6 19. e4 Nd6 20. e5 f6 21. Rd1 fxe5 22. f5 Nxf5 23. Nxf5 gxf5 24. Rxf5 Rg6 25. Rxe5 Bxe5 26. Qxe5 Bc6 27. Ne4 Qe6 28. Qxe6+ Rxe6 29. Nc3 Bxg2 30. Kxg2 Nc4 31. Bf2 b6 32. Rd7 Nxb2 33. Nd5 Rf8 34. Ne7+ Kh8 35. g4 Nd3 36. Nf5 Nxf2 37. Kxf2 b5 38. Rc7 Re5 39. Kf3 Rfxf5+ 40. gxf5 Rxf5+ 41. Ke4 Rh5 42. a3 b4 43. axb4 cxb4 44. Kd4 a3 45. Ra7 Rxh3 46. Ke5 Kg8 47. Ra4 Rh4 48. Kf6 Rf4+ 49. Ke5 Rc4 50. Kf6 Rc6+ 0-1

[Event "Titled Tuesday intern op 06th May Early"]
[Site "Chess.com INT"]
[Date "2025.05.06"]
[Round "6"]
[White "Le, Quang Liem"]
[Black "Ebrahimi Herab, Hamidreza"]
[Result "1-0"]
[WhiteElo "2729"]
[BlackElo "2404"]
[PlyCount "59"]
[EventDate "2025.05.06"]
[EventType "swiss (blitz)"]
[EventRounds "11"]
[EventCountry "USA"]
[SourceTitle "CB20_2025"]
[SourceDate "2025.05.14"]
[SourceVersion "1"]
[SourceVersionDate "2025.05.14"]
[SourceQuality "1"]

1. Nf3 Nf6 2. c4 g6 3. Nc3 d5 4. cxd5 Nxd5 5. h4 h5 6. d4 Bg7 7. e4 Nxc3 8. bxc3 c5 9. Bb5+ Bd7 10. Bxd7+ Nxd7 11. 0-0 0-0 12. Rb1 b6 13. Bg5 Rc8 14. Qa4 Rc7 15. Rfd1 Bf6 16. d5 Bxg5 17. hxg5 c4 18. e5 Qc8 19. d6 exd6 20. exd6 Rc5 21. Qxa7 Ra5 22. Qc7 Rxa2 23. Rb4 Ra5 24. Rxc4 Rc5 25. Rxc5 bxc5 26. Re1 Nb8 27. Re7 Qd8 28. Rxf7 Qxc7 29. Rxf8+ Kxf8 30. dxc7 1-0

[Event "Titled Tuesday intern op 01st Apr Early"]
[Site "Chess.com INT"]
[Date "2025.04.01"]
[Round "4"]
[White "Bardyk, Artem"]
[Black "Le, Quang Liem"]
[Result "0-1"]
[WhiteElo "2257"]
[BlackElo "2739"]
[PlyCount "58"]
[EventDate "2025.04.01"]
[EventType "swiss (blitz)"]
[EventRounds "11"]
[EventCountry "USA"]
[SourceTitle "CB15_2025"]
[SourceDate "2025.04.09"]
[SourceVersion "1"]
[SourceVersionDate "2025.04.09"]
[SourceQuality "1"]

1. Nf3 Nf6 2. b3 g6 3. Bb2 Bg7 4. g3 0-0 5. Bg2 d6 6. d4 e5 7. dxe5 Ng4 8. 0-0 Nc6 9. c4 dxe5 10. h3 Nh6 11. Qxd8 Rxd8 12. Nbd2 Nf5 13. Rfd1 e4 14. Bxg7 exf3 15. Bf6 fxe2 16. Bxd8 exd1Q+ 17. Rxd1 Nxd8 18. Ne4 Ne6 19. Nf6+ Kg7 20. Ne8+ Kf8 21. Nf6 h5 22. Kh2 a5 23. g4 hxg4 24. hxg4 Nd6 25. Nd5 Ne8 26. Kg3 Nc5 27. f4 Be6 28. Ne3 Nd6 29. Rf1 Re8 0-1

[Event "Titled Tuesday intern op 01st Apr Early"]
[Site "Chess.com INT"]
[Date "2025.04.01"]
[Round "9"]
[White "Le, Quang Liem"]
[Black "Nakamura, Hikaru"]
[Result "1/2-1/2"]
[WhiteElo "2739"]
[BlackElo "2802"]
[PlyCount "104"]
[EventDate "2025.04.01"]
[EventType "swiss (blitz)"]
[EventRounds "11"]
[EventCountry "USA"]
[SourceTitle "CB15_2025"]
[SourceDate "2025.04.09"]
[SourceVersion "1"]
[SourceVersionDate "2025.04.09"]
[SourceQuality "1"]

1. d4 d5 2. c4 c5 3. cxd5 Nf6 4. e4 Nxe4 5. dxc5 Nxc5 6. Nc3 e6 7. Be3 Be7 8. Nf3 0-0 9. Rc1 b6 10. Bc4 Ba6 11. Qe2 Bxc4 12. Qxc4 Nbd7 13. 0-0 Rc8 14. Rfd1 Nf6 15. dxe6 Nxe6 16. Qa6 Qe8 17. Qxa7 Bc5 18. Bxc5 bxc5 19. Qa4 Qe7 20. Qc4 Qb7 21. b3 h6 22. h3 Ra8 23. Rd2 Rab8 24. Rcd1 Qa8 25. Nd5 Nxd5 26. Qxd5 Qxd5 27. Rxd5 c4 28. bxc4 Ra8 29. R5d2 Rfc8 30. Rc1 Ra4 31. Ne5 f6 32. Nd3 Rcxc4 33. Rxc4 Rxc4 34. Kf1 Nd4 35. f3 Nb5 36. Kf2 Nc3 37. Ke3 Ra4 38. Nc1 Kf7 39. Kd3 Nd5 40. Kc2 Ke6 41. Kb2 Ra8 42. Nb3 Ke5 43. g3 g5 44. a3 f5 45. Nc5 Ne3 46. Rd3 f4 47. Nd7+ Ke6 48. gxf4 gxf4 49. Nc5+ Ke5 50. Nd7+ Ke6 51. Nc5+ Ke5 52. Nd7+ Ke6 1/2-1/2